INTEGRATED MANAGEMENTOF PRAGNANCY AND CHILD BIRTH (Record no. 6802)

MARC details
000 -LEADER
fixed length control field 00330nam a2200133Ia 4500
008 - FIXED-LENGTH DATA ELEMENTS--GENERAL INFORMATION
fixed length control field 150301s2004 xx 000 0 und d
082 ## - DEWEY DECIMAL CLASSIFICATION NUMBER
Classification number 610.7367
Item number I04J
100 ## - MAIN ENTRY--PERSONAL NAME
Personal name W.H.O.
245 ## - TITLE STATEMENT
Title INTEGRATED MANAGEMENTOF PRAGNANCY AND CHILD BIRTH
260 ## - PUBLICATION, DISTRIBUTION, ETC. (IMPRINT)
Name of publisher, distributor, etc. A.I.T.B.S
Date of publication, distribution, etc. 2004
300 ## - PHYSICAL DESCRIPTION
Extent 375
650 ## - SUBJECT ADDED ENTRY--TOPICAL TERM
Topical term or geographic name as entry element OBS.& GYNE.
942 ## - ADDED ENTRY ELEMENTS (KOHA)
Source of classification or shelving scheme Dewey Decimal Classification
Koha item type Books
Holdings
Withdrawn status Lost status Source of classification or shelving scheme Damaged status Not for loan Collection code Home library Current library Shelving location Date acquired Source of acquisition SGTU Bill Number Total Checkouts Full call number Barcode Date last seen Bill Date Koha item type
    Dewey Decimal Classification     NURSING SGT Medical Library SGT Medical Library Text Book 02/07/2015 ABC DELHI SGTU 5533   610.7367 I04J FN2641 02/07/2015 25/03/2015 Books
    Dewey Decimal Classification     NURSING SGT Medical Library SGT Medical Library Text Book 02/07/2015 ABC DELHI SGTU 5533   610.7367 I04J FN2642 02/07/2015 25/03/2015 Books
    Dewey Decimal Classification     NURSING SGT Medical Library SGT Medical Library Text Book 02/07/2015 ABC DELHI SGTU 5533   610.7367 I04J FN2643 02/07/2015 25/03/2015 Books
    Dewey Decimal Classification     NURSING SGT Medical Library SGT Medical Library Text Book 02/07/2015 ABC DELHI SGTU 5533   610.7367 I04J FN2644 02/07/2015 25/03/2015 Books
    Dewey Decimal Classification     NURSING SGT Medical Library SGT Medical Library Text Book 02/07/2015 ABC DELHI SGTU 5533   610.7367 I04J FN2645 02/07/2015 25/03/2015 Books